1707 1758 1424 1881 1807 1841 1222 1140 1147 1130 1192 1669 1669 1140 1247 1532 1216 1518 1710 1957 1559 1960 1206 1281 1780 1611 1592 1804 1452 1252 1205 1654 1072 1062 1570 1298 1816 1910 1357 1375 1602 1110 1266 1455 1859 1417 1490 1486 1243 1345 1567 1942 1902 1404 1042 1395 1766 1839 1419 1750 1000 1342 1238 1054 1376 1294 1043 1325 1088 1202 1509 1776 1103 1306 1909 1801 1223 1401 1970 1943 1855 1288 1473 1843 1344 1692 1643 1127 1082 1268 1490 1902 1211 1173 1759 1527 1352 1512 1430 BCNSPRNW ULIB Ver.6.0+V

เปลี่ยนเป็นภาษาไทย

Change to English
 แสดงรายละเอียดบรรณานุกรม
  กลับหน้าหลัก

Brief Record : Get Marc (ISO 2709) : E-mail record : QR code < ปิดหน้าต่าง
LEADER : 00000nas 2200000uu 4500
001    13399124333
003     ULIB
008    150415s||||||||th 000 0 tha d
022 0  ^a01258885
110 1  ^aคณะพยาบาลศาสตร์ มหาวิทยาลัยมหิดล
245 00 ^aวารสารพยาบาลศาสตร์/^cคณะพยาบาลศาสตร์ มหาวิทยาลัยมหิดล
310    ^aรายสามเดือน
999    ^aทศพร
รายการนี้ยังไม่มีแท็ก
คุณยังไม่ได้ล็อกอิน คุณสามารถมีกิจกรรมร่วมกับเว็บไซต์ได้ แต่ต้องล็อกอินก่อน ::
  ล็อกอิน

รายการสื่อสารสนเทศ (วารสาร)

ดูแบบ: กล่อง รายการ

BibComment


ยังไม่เคยถูกคอมเมนท์

คอมเมนท์ทรัพยากรรายการนี้
  คอมเมนท์: วารสารพยาบาลศาสต..


 Copyright 2026. Bcnsprnw @Library